000 00298nam a2200121Ia 4500
008 240731s9999 xx 000 0 und d
022 _a2694-1120
245 0 _aFunctional Diamond
260 _bTaylor & Francis
856 _uhttps://www.tandfonline.com/loi/tfdi20
942 _2ddc
942 _cTFEJ
999 _c76667
_d76667
945 _a1
_bMadushi Gamage
_c1
_dMadushi Gamage